[Event "DSJ Weihnachtsturnier U16: Lasker 2020"]
[Site ""]
[Date "2020.12.28"]
[Round "7"]
[White "von Krosigk, Florian"]
[Black "Alhamid, Mohamad"]
[Result "1-0"]
[Termination "normal"]
[Board "1.3"]
[WhiteElo "1941"]
[BlackElo "1664"]
[WhiteTeam "Hamburger SK von 1830"]
[BlackTeam "Delmenhorster SK V 1931"]
[PlyCount "61"]
[WhiteFideId "16227808"]
[BlackFideId "16235665"]
[EventRounds "7"]
[EventType "team-swiss"]
[EventDate "2020.12.28"]

1. e4 {[%emt 0:00:00] Delmen2-003 reconnected.} e5 { [%emt 0:00:02] HSK03-003
reconnected.} 2. Nf3 {[%emt 0:00:08]} Nc6 {[%emt 0:00:23]} 3. Bc4 {[%emt
0:00:12]} Bc5 {[%emt 0:00:04]} 4. c3 {[%emt 0:00:03]} Nf6 { [%emt 0:00:12]} 5.
d4 {[%emt 0:00:08]} exd4 {[%emt 0:00:02]} 6. O-O {[%emt 0:00:06]} Nxe4 {[%emt
0:00:10]} 7. cxd4 {[%emt 0:00:16]} d5 {[%emt 0:00:17]} 8. dxc5 {[%emt 0:00:09]}
dxc4 {[%emt 0:00:05]} 9. Qe2 {[%emt 0:00:00]} Qd3 { [%emt 0:00:03]} 10. Re1
{[%emt 0:00:02]} f5 {[%emt 0:01:28]} 11. Nc3 {[%emt 0:00:07]} O-O {[%emt
0:00:21]} 12. Nxe4 {[%emt 0:00:07]} fxe4 {[%emt 0:00:06] HSK03-003
reconnected.} 13. Qxe4 {[%emt 0:00:07]} Bf5 {[%emt 0:00:05]} 14. Qh4 {[%emt
0:00:04] HSK03-003 reconnected.} Rae8 {[%emt 0:00:41]} 15. Bf4 {[%emt 0:00:11]}
Bg6 {[%emt 0:00:43]} 16. Bxc7 {[%emt 0:01:10] HSK03-003 reconnected. HSK03-003
reconnected.} Qf5 {[%emt 0:02:17]} 17. Bd6 {[%emt 0:00:31]} Rf6 { [%emt
0:00:31]} 18. Qxc4+ {[%emt 0:00:16]} Rfe6 {[%emt 0:00:26]} 19. Ng5 { [%emt
0:00:50]} Nd4 {[%emt 0:00:30]} 20. Rxe6 {[%emt 0:00:46]} Nxe6 {[%emt 0:00:05]}
21. Re1 {[%emt 0:00:18]} Bf7 {[%emt 0:00:15]} 22. Nxf7 {[%emt 0:00:26]} Qxf7
{[%emt 0:00:15]} 23. f4 {[%emt 0:00:14]} g6 {[%emt 0:00:04]} 24. b4 { [%emt
0:00:05]} h5 {[%emt 0:00:09]} 25. g3 {[%emt 0:00:05]} Kh7 {[%emt 0:00:10] } 26.
Qd5 {[%emt 0:00:15]} b6 {[%emt 0:00:29]} 27. c6 {[%emt 0:00:03]} Kh6 { [%emt
0:00:55] HSK03-003 reconnected.} 28. c7 {[%emt 0:00:26]} Qd7 {[%emt 0:00:02]}
29. f5 {[%emt 0:00:10]} Nxc7 {[%emt 0:00:08]} 30. Bf4+ {[%emt 0:00:04]} Kg7
{[%emt 0:00:02]} 31. Qxd7+ {[%emt 0:00:01]} 1-0

[Event "DSJ Weihnachtsturnier U16: Lasker 2020"]
[Site ""]
[Date "2020.12.28"]
[Round "7"]
[White "Wander, Dennis"]
[Black "Huo, Da"]
[Result "1-0"]
[Termination "normal"]
[Board "1.4"]
[WhiteElo "1595"]
[BlackElo "1918"]
[WhiteTeam "Delmenhorster SK V 1931"]
[BlackTeam "Hamburger SK von 1830"]
[PlyCount "49"]
[WhiteFideId "16276523"]
[BlackFideId "16221206"]
[EventRounds "7"]
[EventType "team-swiss"]
[EventDate "2020.12.28"]

1. e4 {[%emt 0:00:07]} c5 {[%emt 0:00:02]} 2. Nf3 {[%emt 0:00:02]} d6 {[%emt
0:00:08]} 3. d4 {[%emt 0:00:00]} cxd4 {[%emt 0:00:01]} 4. Nxd4 {[%emt 0:00:01]}
Nf6 {[%emt 0:00:00]} 5. Nc3 {[%emt 0:00:01]} Nc6 {[%emt 0:00:03]} 6. Bb5 {
[%emt 0:00:03]} Bd7 {[%emt 0:00:38]} 7. O-O {[%emt 0:00:08]} a6 {[%emt 0:00:04]
} 8. Bxc6 {[%emt 0:00:02]} bxc6 {[%emt 0:00:31]} 9. Bg5 {[%emt 0:00:08]} c5 {
[%emt 0:00:07]} 10. Bxf6 {[%emt 0:00:06]} gxf6 {[%emt 0:00:05]} 11. Nde2 {
[%emt 0:00:10]} Bh6 {[%emt 0:00:05]} 12. Ng3 {[%emt 0:00:33]} Bg5 {[%emt
0:00:06]} 13. f4 {[%emt 0:00:03]} Bh6 {[%emt 0:00:10]} 14. Qh5 {[%emt 0:00:09]}
Bf8 {[%emt 0:00:05]} 15. e5 {[%emt 0:00:05]} e6 {[%emt 0:00:18]} 16. Nce4
{[%emt 0:00:12]} Bb5 {[%emt 0:02:57]} 17. Nxf6+ {[%emt 0:00:20]} Ke7 {[%emt
0:00:02]} 18. exd6+ {[%emt 0:00:02]} Qxd6 {[%emt 0:00:29]} 19. Rad1 {[%emt
0:00:15]} Qb6 {[%emt 0:00:04]} 20. Qg5 {[%emt 0:00:07]} c4+ {[%emt 0:00:20]}
21. Kh1 { [%emt 0:00:07]} Qa7 {[%emt 0:00:10]} 22. Nge4 {[%emt 0:00:36]} Bh6
{[%emt 0:00:16]} 23. Ng8+ {[%emt 0:00:21]} Ke8 {[%emt 0:00:09]} 24. Nef6+
{[%emt 0:00:03]} Kf8 {[%emt 0:00:06]} 25. Qxh6# {[%emt 0:00:00]} 1-0

[Event "DSJ Weihnachtsturnier U16: Lasker 2020"]
[Site ""]
[Date "2020.12.28"]
[Round "7"]
[White "Koll, Linus"]
[Black "Boder, Jan"]
[Result "0-1"]
[Termination "normal"]
[Board "2.1"]
[WhiteElo "1963"]
[BlackElo "2146"]
[WhiteTeam "Karlsruher SF 1853"]
[BlackTeam "SC ML Kastellaun"]
[PlyCount "50"]
[WhiteFideId "12990299"]
[BlackFideId "16243226"]
[EventRounds "7"]
[EventType "team-swiss"]
[EventDate "2020.12.28"]

1. e4 {[%emt 0:00:04]} c5 {[%emt 0:00:01]} 2. Nf3 {[%emt 0:00:02]} g6 {[%emt
0:00:01]} 3. d4 {[%emt 0:00:02]} cxd4 {[%emt 0:00:00]} 4. Nxd4 {[%emt 0:00:02]}
Nc6 {[%emt 0:00:02]} 5. Nxc6 {[%emt 0:00:04]} bxc6 {[%emt 0:00:00]} 6. Qd4 {
[%emt 0:00:01]} Nf6 {[%emt 0:00:05]} 7. e5 {[%emt 0:00:04]} Nd5 {[%emt 0:00:10]
} 8. c4 {[%emt 0:00:09]} Nb4 {[%emt 0:00:11]} 9. Qc3 {[%emt 0:00:12]} Rb8 {
[%emt 0:00:45]} 10. e6 {[%emt 0:00:22]} Rg8 {[%emt 0:00:04]} 11. exf7+ { [%emt
0:00:06]} Kxf7 {[%emt 0:00:00]} 12. a3 {[%emt 0:00:03]} Qa5 {[%emt 0:00:23]}
13. Bd2 {[%emt 0:01:11]} Bg7 {[%emt 0:00:10]} 14. Qf3+ {[%emt 0:00:11]} Ke8
{[%emt 0:00:03]} 15. Bxb4 {[%emt 0:01:23]} Rxb4 {[%emt 0:00:06]} 16. axb4 {
[%emt 0:00:01]} Qxa1 {[%emt 0:00:03]} 17. Bd3 {[%emt 0:00:01]} Qxb2 {[%emt
0:00:23]} 18. O-O {[%emt 0:00:05]} Qxb4 {[%emt 0:00:07]} 19. Qh3 {[%emt
0:00:02]} Rh8 {[%emt 0:00:07]} 20. Qg3 {[%emt 0:01:05]} Qd6 {[%emt 0:00:08]}
21. Qh3 { [%emt 0:00:11]} Qe6 {[%emt 0:01:14]} 22. Qg3 {[%emt 0:00:10]} d6
{[%emt 0:00:24]} 23. Nd2 {[%emt 0:00:25]} Qe5 {[%emt 0:00:05]} 24. Qh4 {[%emt
0:00:11]} Qd4 {[%emt 0:00:13]} 25. Re1 {[%emt 0:00:49]} (25. Qg3 Be5 26. Qf3
Bg4) 25... Qxh4 {[%emt 0:00:04] Karlsru4-001 resigns 0-1} 0-1

[Event "DSJ Weihnachtsturnier U16: Lasker 2020"]
[Site ""]
[Date "2020.12.28"]
[Round "7"]
[White "Ohler, Julius"]
[Black "Wang, Xinyuan"]
[Result "1-0"]
[Termination "normal"]
[Board "2.2"]
[WhiteElo "2010"]
[BlackElo "1759"]
[WhiteTeam "SC ML Kastellaun"]
[BlackTeam "Karlsruher SF 1853"]
[PlyCount "95"]
[WhiteFideId "16238982"]
[BlackFideId "16221494"]
[EventRounds "7"]
[EventType "team-swiss"]
[EventDate "2020.12.28"]

1. d4 {[%emt 0:00:03]} Nf6 {[%emt 0:00:14]} 2. Nc3 {[%emt 0:00:06]} d5 { [%emt
0:00:03]} 3. Bf4 {[%emt 0:00:04]} e6 {[%emt 0:00:10]} 4. Nf3 {[%emt 0:00:02]}
Bb4 {[%emt 0:00:03]} 5. e3 {[%emt 0:00:09]} Ne4 {[%emt 0:00:10]} 6. Qd3 { [%emt
0:00:15]} Nd7 {[%emt 0:00:32]} 7. a3 {[%emt 0:00:02]} Bxc3+ {[%emt 0:00:09]} 8.
bxc3 {[%emt 0:00:01]} O-O {[%emt 0:00:06]} 9. Nd2 {[%emt 0:00:06]} Ndf6 {[%emt
0:00:09]} 10. f3 {[%emt 0:00:01]} Nxd2 {[%emt 0:00:02]} 11. Qxd2 { [%emt
0:00:01]} c5 {[%emt 0:00:01]} 12. Be2 {[%emt 0:00:03]} b6 {[%emt 0:00:16] } 13.
O-O {[%emt 0:00:02]} Nh5 {[%emt 0:00:26]} 14. e4 {[%emt 0:00:26]} dxe4 { [%emt
0:00:05]} 15. fxe4 {[%emt 0:00:02]} Nxf4 {[%emt 0:00:03]} 16. Rxf4 { [%emt
0:00:02]} Qc7 {[%emt 0:00:03]} 17. Raf1 {[%emt 0:00:03]} e5 {[%emt 0:00:09]}
18. R4f2 {[%emt 0:00:34]} cxd4 {[%emt 0:00:12]} 19. cxd4 {[%emt 0:00:02]} exd4
{[%emt 0:00:02]} 20. Qxd4 {[%emt 0:00:01]} Qxc2 {[%emt 0:00:14]} 21. Bc4 {
[%emt 0:00:03]} Qxf2+ {[%emt 0:00:54]} 22. Rxf2 {[%emt 0:00:07]} Bg4 {[%emt
0:00:13]} 23. e5 {[%emt 0:00:12]} Bh5 {[%emt 0:00:13]} 24. e6 {[%emt 0:00:10]}
fxe6 {[%emt 0:00:16]} 25. Bxe6+ {[%emt 0:00:02]} Kh8 {[%emt 0:00:01]} 26. Rxf8+
{[%emt 0:00:13]} Rxf8 {[%emt 0:00:00]} 27. g4 {[%emt 0:00:09]} Bg6 {[%emt
0:00:02]} 28. Kg2 {[%emt 0:00:15]} Re8 {[%emt 0:00:08]} 29. Qd7 {[%emt
0:00:19]} Rf8 {[%emt 0:00:09]} 30. Qxa7 {[%emt 0:00:16]} Be4+ {[%emt 0:00:28]}
31. Kg1 { [%emt 0:00:08]} h6 {[%emt 0:00:15]} 32. Qxb6 {[%emt 0:00:12]} Bd3
{[%emt 0:00:16]} 33. Qd4 {[%emt 0:00:15]} Ba6 {[%emt 0:00:36]} 34. Qd6 {[%emt
0:00:25]} Rf1+ {[%emt 0:00:10]} 35. Kg2 {[%emt 0:00:02]} Rd1 {[%emt 0:00:05]}
36. Qxd1 { [%emt 0:00:09] Karlsru4-002 reconnected.} Bb7+ {[%emt 0:02:01]} 37.
Bd5 { [%emt 0:00:05]} Bxd5+ {[%emt 0:00:08]} 38. Qxd5 {[%emt 0:00:01]} Kh7
{[%emt 0:00:05]} 39. a4 {[%emt 0:00:03]} g5 {[%emt 0:00:02]} 40. a5 {[%emt
0:00:00]} h5 {[%emt 0:00:01]} 41. a6 {[%emt 0:00:00]} hxg4 {[%emt 0:00:01]} 42.
a7 {[%emt 0:00:00]} g3 {[%emt 0:00:01]} 43. a8=Q {[%emt 0:00:02]} gxh2 {[%emt
0:00:03]} 44. Qab7+ {[%emt 0:00:01]} Kh6 {[%emt 0:00:02]} 45. Qbc6+ {[%emt
0:00:01]} Kh5 { [%emt 0:00:02]} 46. Qf3+ {[%emt 0:00:02]} g4 {[%emt 0:00:04]}
47. Qf5+ { [%emt 0:00:01]} Kh4 {[%emt 0:00:02]} 48. Qh6# {[%emt 0:00:01]} 1-0

[Event "DSJ Weihnachtsturnier U16: Lasker 2020"]
[Site ""]
[Date "2020.12.28"]
[Round "7"]
[White "Hänselmann, Hendrik"]
[Black "Hoffmann, Tom"]
[Result "0-1"]
[Termination "normal"]
[Board "2.3"]
[WhiteElo "1828"]
[BlackElo "1296"]
[WhiteTeam "Karlsruher SF 1853"]
[BlackTeam "SC ML Kastellaun"]
[PlyCount "34"]
[WhiteFideId "16232755"]
[BlackFideId "16288726"]
[EventRounds "7"]
[EventType "team-swiss"]
[EventDate "2020.12.28"]

1. e4 {[%emt 0:00:10]} c5 {[%emt 0:00:17]} 2. Nc3 {[%emt 0:00:08]} Nc6 { [%emt
0:00:04]} 3. Bb5 {[%emt 0:00:02]} e5 {[%emt 0:00:20]} 4. Nf3 {[%emt 0:00:10]}
d6 {[%emt 0:00:08]} 5. O-O {[%emt 0:00:13]} Nf6 {[%emt 0:00:15]} 6. d3 { [%emt
0:00:09]} Bd7 {[%emt 0:00:11]} 7. Bg5 {[%emt 0:00:03]} Be7 {[%emt 0:00:04]} 8.
Re1 {[%emt 0:00:41]} O-O {[%emt 0:00:34]} 9. Bxf6 {[%emt 0:00:17]} Bxf6 {[%emt
0:00:03]} 10. Nd5 {[%emt 0:00:01]} a6 {[%emt 0:00:14]} 11. Bc4 {[%emt 0:00:09]}
b5 {[%emt 0:00:02]} 12. Bb3 {[%emt 0:00:02]} a5 {[%emt 0:00:03]} 13. a4 {[%emt
0:00:06]} b4 {[%emt 0:00:04]} 14. Nd2 {[%emt 0:00:27]} Be6 {[%emt 0:00:42]} 15.
Qf3 {[%emt 0:00:20]} Bg5 {[%emt 0:00:15]} 16. Qd1 {[%emt 0:00:29]} Nd4 {[%emt
0:00:18]} 17. g3 {[%emt 0:01:29]} Bxd2 {[%emt 0:02:10]} 0-1

[Event "DSJ Weihnachtsturnier U16: Lasker 2020"]
[Site ""]
[Date "2020.12.28"]
[Round "7"]
[White "Nedilko, Marko"]
[Black "Borodaev, Roman"]
[Result "0-1"]
[Termination "normal"]
[Board "2.4"]
[WhiteElo "1407"]
[BlackElo "1657"]
[WhiteTeam "SC ML Kastellaun"]
[BlackTeam "Karlsruher SF 1853"]
[PlyCount "62"]
[WhiteFideId "16266560"]
[BlackFideId "16274881"]
[EventRounds "7"]
[EventType "team-swiss"]
[EventDate "2020.12.28"]

1. e4 {[%emt 0:00:12]} c5 {[%emt 0:00:02]} 2. Nf3 {[%emt 0:00:02]} d6 {[%emt
0:00:01]} 3. d4 {[%emt 0:00:07]} cxd4 {[%emt 0:00:00]} 4. Nxd4 {[%emt 0:00:08]}
Nf6 {[%emt 0:00:01]} 5. Nc3 {[%emt 0:00:23]} Nc6 {[%emt 0:00:03]} 6. Be3 {
[%emt 0:00:04]} Ng4 {[%emt 0:00:13]} 7. Qd2 {[%emt 0:00:17]} Nxe3 {[%emt
0:00:03]} 8. Qxe3 {[%emt 0:00:04]} g6 {[%emt 0:00:01]} 9. Be2 {[%emt 0:00:16]}
Bg7 { [%emt 0:00:01]} 10. Nxc6 {[%emt 0:00:33]} bxc6 {[%emt 0:00:00]} 11. O-O {
[%emt 0:00:05]} O-O {[%emt 0:00:25]} 12. f4 {[%emt 0:00:03]} Rb8 {[%emt
0:00:03]} 13. Rab1 {[%emt 0:00:04]} d5 {[%emt 0:00:16]} 14. exd5 {[%emt
0:00:06]} cxd5 {[%emt 0:00:01]} 15. Rfd1 {[%emt 0:00:09]} e6 {[%emt 0:00:08]}
16. Nb5 { [%emt 0:00:52]} a6 {[%emt 0:00:15]} 17. Nc3 {[%emt 0:00:36]} d4
{[%emt 0:00:10] } 18. Qf3 {[%emt 0:00:10]} Qb6 {[%emt 0:00:03]} 19. Na4 {[%emt
0:00:07]} Qb4 { [%emt 0:00:07]} 20. b3 {[%emt 0:00:20]} Bb7 {[%emt 0:00:34]}
21. Qf2 {[%emt 0:00:15]} Bc6 {[%emt 0:00:25]} 22. Bxa6 {[%emt 0:00:21]} Bxa4
{[%emt 0:00:02]} 23. bxa4 {[%emt 0:00:05]} Qxa4 {[%emt 0:00:01]} 24. Bd3 {[%emt
0:00:17]} Qxa2 { [%emt 0:00:02]} 25. Rxb8 {[%emt 0:00:04]} Rxb8 {[%emt
0:00:00]} 26. g4 { [%emt 0:00:05]} Rb1 {[%emt 0:00:10]} 27. Rxb1 {[%emt
0:00:16]} Qxb1+ {[%emt 0:00:01]} 28. Kg2 {[%emt 0:00:02]} Qd1 {[%emt 0:01:04]}
29. f5 {[%emt 0:00:00]} Qxg4+ {[%emt 0:00:03]} 30. Kf1 {[%emt 0:00:03]} exf5
{[%emt 0:00:28]} 31. Qxd4 {[%emt 0:00:04]} Bxd4 {[%emt 0:00:03] Kastell2-004
gibt auf} 0-1

[Event "DSJ Weihnachtsturnier U16: Lasker 2020"]
[Site ""]
[Date "2020.12.28"]
[Round "7"]
[White "Falke, Philipp"]
[Black "Trifan, Andrei Ioan"]
[Result "0-1"]
[Termination "normal"]
[Board "3.1"]
[WhiteElo "1334"]
[BlackElo "2237"]
[WhiteTeam "Post SV Uelzen"]
[BlackTeam "OSG Baden-Baden"]
[PlyCount "60"]
[WhiteFideId "16294696"]
[BlackFideId "12967068"]
[EventRounds "7"]
[EventType "team-swiss"]
[EventDate "2020.12.28"]

1. e4 {[%emt 0:00:13]} e5 {[%emt 0:00:07]} 2. Nf3 {[%emt 0:00:02]} Nc6 { [%emt
0:00:21]} 3. Bc4 {[%emt 0:00:05]} Bc5 {[%emt 0:00:03]} 4. d3 {[%emt 0:00:06]}
Nf6 {[%emt 0:00:01]} 5. Nc3 {[%emt 0:00:04]} h6 {[%emt 0:00:05]} 6. a4 { [%emt
0:00:06]} d6 {[%emt 0:00:03]} 7. h3 {[%emt 0:00:03]} a6 {[%emt 0:00:07]} 8. Ne2
{[%emt 0:00:05]} Qe7 {[%emt 0:00:13]} 9. Ng3 {[%emt 0:00:12]} g5 { [%emt
0:00:25]} 10. Nh2 {[%emt 0:00:43]} Be6 {[%emt 0:00:39]} 11. Bxe6 { [%emt
0:00:05]} fxe6 {[%emt 0:00:02]} 12. Qe2 {[%emt 0:00:09]} Rf8 {[%emt 0:00:20]}
13. Be3 {[%emt 0:00:12]} O-O-O {[%emt 0:00:01]} 14. c3 {[%emt 0:00:11]} d5
{[%emt 0:00:05]} 15. b4 {[%emt 0:00:14]} Bxe3 {[%emt 0:00:05]} 16. Qxe3 { [%emt
0:00:05]} d4 {[%emt 0:00:01]} 17. Qd2 {[%emt 0:00:14]} dxc3 {[%emt 0:00:02]}
18. Qxc3 {[%emt 0:00:02]} Qxb4 {[%emt 0:00:01]} 19. Qxb4 {[%emt 0:00:02]} Nxb4
{[%emt 0:00:00]} 20. O-O {[%emt 0:00:38]} a5 {[%emt 0:00:05]} 21. Rfd1 { [%emt
0:00:11]} Rxd3 {[%emt 0:00:09]} 22. Rxd3 {[%emt 0:00:03]} Nxd3 {[%emt 0:00:01]}
23. Rb1 {[%emt 0:00:09]} Nxf2 {[%emt 0:00:09]} 24. Kxf2 {[%emt 0:00:05] } Nxe4+
{[%emt 0:00:02]} 25. Ke3 {[%emt 0:00:06]} Nxg3 {[%emt 0:00:01]} 26. Rb5 {[%emt
0:00:09]} e4 {[%emt 0:00:10]} 27. Ng4 {[%emt 0:00:05]} Rf5 {[%emt 0:00:09]} 28.
Rb2 {[%emt 0:00:11]} h5 {[%emt 0:00:08]} 29. Nf2 {[%emt 0:00:03]} c6 { [%emt
0:00:09]} 30. Nxe4 {[%emt 0:00:02]} Re5 {[%emt 0:00:02]} 0-1

[Event "DSJ Weihnachtsturnier U16: Lasker 2020"]
[Site ""]
[Date "2020.12.28"]
[Round "7"]
[White "Schulze, Max Peter"]
[Black "Wu, Luka"]
[Result "1-0"]
[Termination "normal"]
[Board "3.3"]
[WhiteElo "1125"]
[BlackElo "2065"]
[WhiteTeam "Post SV Uelzen"]
[BlackTeam "OSG Baden-Baden"]
[PlyCount "95"]
[WhiteFideId "16272200"]
[BlackFideId "12977420"]
[EventRounds "7"]
[EventType "team-swiss"]
[EventDate "2020.12.28"]

1. e4 {[%emt 0:00:13]} c5 {[%emt 0:00:04]} 2. Nf3 {[%emt 0:00:11]} d6 {[%emt
0:00:01]} 3. d4 {[%emt 0:00:03]} cxd4 {[%emt 0:00:01]} 4. Nxd4 {[%emt 0:00:03]}
Nf6 {[%emt 0:00:00]} 5. Nc3 {[%emt 0:00:05]} g6 {[%emt 0:00:01]} 6. f3 { [%emt
0:00:10]} Bg7 {[%emt 0:00:01]} 7. Be3 {[%emt 0:00:05]} O-O {[%emt 0:00:15]} 8.
Be2 {[%emt 0:00:05]} Nc6 {[%emt 0:00:16]} 9. O-O {[%emt 0:00:04]} Qb6 { [%emt
0:01:45]} 10. Qd3 {[%emt 0:01:43]} Qxb2 {[%emt 0:00:13]} 11. Rab1 { [%emt
0:00:14]} Qa3 {[%emt 0:00:03]} 12. Rb3 {[%emt 0:00:06]} Qa5 {[%emt 0:00:04]}
13. Rb5 {[%emt 0:01:24]} Qd8 {[%emt 0:00:12]} 14. Nd5 {[%emt 0:00:18]} a6
{[%emt 0:00:10]} 15. Rbb1 {[%emt 0:00:08]} Nxd5 {[%emt 0:00:03]} 16. exd5 {
[%emt 0:00:03]} Ne5 {[%emt 0:00:01]} 17. Qd2 {[%emt 0:00:17]} Qc7 {[%emt
0:01:01]} 18. Qb4 {[%emt 0:00:34]} b5 {[%emt 0:00:09]} 19. a4 {[%emt 0:00:33]}
bxa4 {[%emt 0:00:15]} 20. Qxa4 {[%emt 0:00:07]} Bd7 {[%emt 0:00:11]} 21. Qa2 {
[%emt 0:00:22]} Bb5 {[%emt 0:01:06]} 22. Bxb5 {[%emt 0:00:22]} axb5 {[%emt
0:00:00]} 23. Qb3 {[%emt 0:00:02]} b4 {[%emt 0:01:19]} 24. Bf2 {[%emt 0:00:14]}
Rfb8 {[%emt 0:00:10]} 25. Ra1 {[%emt 0:00:06]} Nc4 {[%emt 0:00:18]} 26. Rxa8 {
[%emt 0:00:07]} Rxa8 {[%emt 0:00:01]} 27. Nc6 {[%emt 0:00:07]} Nd2 {[%emt
0:00:04]} 28. Qxb4 {[%emt 0:00:20]} Nxf1 {[%emt 0:00:02]} 29. Kxf1 {[%emt
0:00:00]} Ra1+ {[%emt 0:00:03]} 30. Ke2 {[%emt 0:00:02]} Ra8 {[%emt 0:00:21]}
31. Qe4 { [%emt 0:00:10]} Re8 {[%emt 0:00:16]} 32. Bh4 {[%emt 0:00:06]} e6
{[%emt 0:00:09]} 33. Kf1 {[%emt 0:00:14]} f5 {[%emt 0:00:09]} 34. Qe2 {[%emt
0:00:08]} Kf7 {[%emt 0:00:05]} 35. dxe6+ {[%emt 0:00:16]} Kg8 {[%emt 0:00:05]}
36. Qc4 { [%emt 0:00:15]} Bb2 {[%emt 0:01:22]} 37. e7+ {[%emt 0:00:08]} Kg7
{[%emt 0:00:02]} 38. c3 {[%emt 0:00:18]} h6 {[%emt 0:00:46]} 39. Qd4+ {[%emt
0:00:05]} Kh7 {[%emt 0:00:01]} 40. Qf6 {[%emt 0:00:15]} Rg8 {[%emt 0:00:16]}
41. Nd8 { [%emt 0:01:10]} Qd7 {[%emt 0:00:01]} 42. Ne6 {[%emt 0:00:03]} Qc6
{[%emt 0:00:02]} 43. Qf7+ {[%emt 0:00:02]} Kh8 {[%emt 0:00:01]} 44. e8=Q {[%emt
0:00:02]} Qc4+ {[%emt 0:00:02]} 45. Kf2 {[%emt 0:00:03]} Rxe8 {[%emt 0:00:01]}
46. Qxe8+ {[%emt 0:00:02]} Kh7 {[%emt 0:00:00]} 47. Qf7+ {[%emt 0:00:01]} Kh8
{[%emt 0:00:02]} 48. Qg7# {[%emt 0:00:01]} 1-0

[Event "DSJ Weihnachtsturnier U16: Lasker 2020"]
[Site ""]
[Date "2020.12.28"]
[Round "7"]
[White "Wu, Leon"]
[Black "Abu Laila, Faris"]
[Result "1-0"]
[Termination "normal"]
[Board "3.4"]
[WhiteElo "1981"]
[BlackElo "1001"]
[WhiteTeam "OSG Baden-Baden"]
[BlackTeam "Post SV Uelzen"]
[PlyCount "155"]
[WhiteFideId "12977438"]
[BlackFideId "34641424"]
[EventRounds "7"]
[EventType "team-swiss"]
[EventDate "2020.12.28"]

1. e4 {[%emt 0:00:05]} e5 {[%emt 0:00:05]} 2. Nf3 {[%emt 0:00:03]} Nc6 {[%emt
0:00:07]} 3. Bb5 {[%emt 0:00:03]} Nf6 {[%emt 0:00:07]} 4. O-O {[%emt 0:00:05]}
Bc5 {[%emt 0:00:17]} 5. c3 {[%emt 0:00:16]} d6 {[%emt 0:00:10]} 6. Re1 {[%emt
0:00:04]} Bg4 {[%emt 0:00:05]} 7. d3 {[%emt 0:00:07]} O-O {[%emt 0:00:10]} 8.
Nbd2 {[%emt 0:00:04]} Na5 {[%emt 0:00:52]} 9. h3 {[%emt 0:00:35]} Bh5 {[%emt
0:00:05]} 10. Nf1 {[%emt 0:00:02]} a6 {[%emt 0:00:10]} 11. Ba4 {[%emt 0:00:02]}
b5 {[%emt 0:00:03]} 12. Bc2 {[%emt 0:00:03]} Nc6 {[%emt 0:00:11]} 13. Ng3
{[%emt 0:00:05]} Bg6 {[%emt 0:00:02]} 14. Bg5 {[%emt 0:00:57]} h6 {[%emt
0:00:10]} 15. Bh4 {[%emt 0:00:09]} Qe7 {[%emt 0:00:59]} 16. a4 { [%emt
0:00:33]} b4 {[%emt 0:00:14]} 17. d4 {[%emt 0:00:26]} exd4 {[%emt 0:00:09]} 18.
cxd4 {[%emt 0:00:00]} Bxd4 {[%emt 0:00:07]} 19. Nxd4 {[%emt 0:00:03]} Nxd4
{[%emt 0:00:03]} 20. Qxd4 {[%emt 0:00:00]} c5 {[%emt 0:00:19]} 21. Bxf6 { [%emt
0:00:06]} gxf6 {[%emt 0:00:07]} 22. Qd3 {[%emt 0:00:08]} Qe5 {[%emt 0:00:17]}
23. b3 {[%emt 0:00:13]} Rfe8 {[%emt 0:00:20]} 24. Rad1 {[%emt 0:00:12]} Rad8
{[%emt 0:00:07]} 25. Qd5 {[%emt 0:00:39]} Kg7 {[%emt 0:00:28]} 26. Qxe5 { [%emt
0:00:07]} Rxe5 {[%emt 0:00:07]} 27. f3 {[%emt 0:00:10]} Re6 {[%emt 0:00:34]}
28. Rd5 {[%emt 0:00:42]} Re5 {[%emt 0:00:16]} 29. Red1 {[%emt 0:00:04]} Rxd5
{[%emt 0:00:09]} 30. Rxd5 {[%emt 0:00:03]} Kf8 {[%emt 0:00:13]} 31. Bd3 { [%emt
0:00:20]} a5 {[%emt 0:00:05]} 32. Nf1 {[%emt 0:00:13]} Ke7 {[%emt 0:00:14]} 33.
Ne3 {[%emt 0:00:04]} Kd7 {[%emt 0:00:15]} 34. Nc4 {[%emt 0:00:02]} Kc7 {[%emt
0:00:08]} 35. Nxa5 {[%emt 0:00:04]} Kb6 {[%emt 0:00:10]} 36. Nc4+ { [%emt
0:00:06]} Kc6 {[%emt 0:00:13] Uelzen2-004 offers a draw} 37. Kf2 { [%emt
0:00:11]} Bh7 {[%emt 0:00:16]} 38. Ne3 {[%emt 0:00:18]} Bg8 {[%emt 0:00:09]}
39. Bb5+ {[%emt 0:00:01]} Kb6 {[%emt 0:00:04]} 40. Nf5 {[%emt 0:00:01]} Kc7
{[%emt 0:00:06]} 41. Nxh6 {[%emt 0:00:06]} Bh7 {[%emt 0:00:04]} 42. Nxf7 {
[%emt 0:00:13]} Bg8 {[%emt 0:00:03]} 43. Nxd8 {[%emt 0:00:05]} Bxd5 {[%emt
0:00:05]} 44. exd5 {[%emt 0:00:00]} Kxd8 {[%emt 0:00:02]} 45. Bc4 {[%emt
0:00:11] } f5 {[%emt 0:00:08]} 46. f4 {[%emt 0:00:00]} Ke7 {[%emt 0:00:08]} 47.
g4 { [%emt 0:00:00]} fxg4 {[%emt 0:00:04]} 48. hxg4 {[%emt 0:00:00]} Kf6 {[%emt
0:00:03]} 49. Kg3 {[%emt 0:00:00]} Ke7 {[%emt 0:00:03]} 50. Kh4 {[%emt
0:00:00]} Kf6 {[%emt 0:00:02]} 51. Kh5 {[%emt 0:00:00]} Kg7 {[%emt 0:00:02]}
52. g5 { [%emt 0:00:01]} Kg8 {[%emt 0:00:04]} 53. f5 {[%emt 0:00:00]} Kf7
{[%emt 0:00:03]} 54. f6 {[%emt 0:00:02]} Kg8 {[%emt 0:00:02]} 55. Bd3 {[%emt
0:00:00]} Kf7 {[%emt 0:00:02]} 56. Bf5 {[%emt 0:00:00]} c4 {[%emt 0:00:03]} 57.
bxc4 { [%emt 0:00:00]} b3 {[%emt 0:00:02]} 58. a5 {[%emt 0:00:08]} b2 {[%emt
0:00:00]} 59. a6 {[%emt 0:00:01]} b1=Q {[%emt 0:00:03]} 60. Bxb1 {[%emt
0:00:01]} Ke8 { [%emt 0:00:02]} 61. Bf5 {[%emt 0:00:00]} Kf7 {[%emt 0:00:05]}
62. Be6+ { [%emt 0:00:03]} Ke8 {[%emt 0:00:00]} 63. g6 {[%emt 0:00:02]} Kd8
{[%emt 0:00:01]} 64. g7 {[%emt 0:00:03]} Kc7 {[%emt 0:00:00]} 65. g8=R {[%emt
0:00:02]} Kb6 {[%emt 0:00:05]} 66. Rb8+ {[%emt 0:00:01]} Ka7 {[%emt 0:00:01]}
67. f7 { [%emt 0:00:01]} Kxb8 {[%emt 0:00:03]} 68. f8=Q+ {[%emt 0:00:02]} Ka7
{[%emt 0:00:00]} 69. Qc8 {[%emt 0:00:03]} Kb6 {[%emt 0:00:03]} 70. Qb7+ {[%emt
0:00:00]} Kc5 {[%emt 0:00:03]} 71. a7 {[%emt 0:00:01]} Kxc4 {[%emt 0:00:02]}
72. a8=Q { [%emt 0:00:02]} Kd4 {[%emt 0:00:04]} 73. Qa4+ {[%emt 0:00:01]} Ke5
{[%emt 0:00:01]} 74. Qbb3 {[%emt 0:00:00]} Kf6 {[%emt 0:00:02]} 75. Qf4+ {[%emt
0:00:01]} Ke7 {[%emt 0:00:03]} 76. Qb7+ {[%emt 0:00:01]} Ke8 {[%emt 0:00:03]}
77. Qf8+ { [%emt 0:00:00]} Kxf8 {[%emt 0:00:02]} 78. Qf7# {[%emt 0:00:00]} 1-0